Online
Catalog

La revolución surrealista : (Record no. 25299)

MARC details
000 -CABECERA
campo de control de longitud fija 01099nam a2200337 a 4500
001 - NÚMERO DE CONTROL
campo de control 000025807
005 - FECHA Y HORA DE LA ÚLTIMA TRANSACCIÓN
campo de control 20200930024050.0
008 - DATOS DE LONGITUD FIJA--INFORMACIÓN GENERAL
campo de control de longitud fija 110217s1970 ve r 000 | spa d
040 ## - FUENTE DE LA CATALOGACIÓN
Centro catalogador/agencia de origen DO-SdBNP
Lengua de catalogación spa
Centro/agencia transcriptor BNPHU
082 ## - NÚMERO DE LA CLASIFICACIÓN DECIMAL DEWEY
Número de clasificación xxx
Número de documento/Ítem R894m
049 ## - FONDOS LOCALES (OCLC)
Fondos de biblioteca BNGR
245 13 - MENCIÓN DE TÍTULO
Título La revolución surrealista :
Resto del título a través de André Breton /
Mención de responsabilidad, etc. Fernando Arrabal ... [et al.] ; versión castellana María Raquel Bengolea.
260 ## - PUBLICACIÓN, DISTRIBUCIÓN, ETC.
Lugar de publicación, distribución, etc. Caracas :
Nombre del editor, distribuidor, etc. Monte Avila,
Fecha de publicación, distribución, etc. 1970.
300 ## - DESCRIPCIÓN FÍSICA
Extensión 133 p. ;
Dimensiones 20 cm.
490 1# - MENCIÓN DE SERIE
Mención de serie Estudios
700 1# - PUNTO DE ACCESO ADICIONAL--NOMBRE DE PERSONA
Nombre de persona Arrabal, Fernando,
9 (RLIN) 21673
700 1# - PUNTO DE ACCESO ADICIONAL--NOMBRE DE PERSONA
Nombre de persona Blanchot, Maurice ,
9 (RLIN) 52621
700 1# - PUNTO DE ACCESO ADICIONAL--NOMBRE DE PERSONA
Nombre de persona Masson, Andre,
9 (RLIN) 52622
700 1# - PUNTO DE ACCESO ADICIONAL--NOMBRE DE PERSONA
Nombre de persona Starobinski, Jean,
9 (RLIN) 52623
700 1# - PUNTO DE ACCESO ADICIONAL--NOMBRE DE PERSONA
Nombre de persona Caillois, Roger,
9 (RLIN) 52624
700 1# - PUNTO DE ACCESO ADICIONAL--NOMBRE DE PERSONA
Nombre de persona Pieyre de Mandiargues, Andre ,
9 (RLIN) 52625
700 1# - PUNTO DE ACCESO ADICIONAL--NOMBRE DE PERSONA
Nombre de persona Queneau, Raymond ,
9 (RLIN) 52626
700 1# - PUNTO DE ACCESO ADICIONAL--NOMBRE DE PERSONA
Nombre de persona Richard, Claude,
9 (RLIN) 52627
700 1# - PUNTO DE ACCESO ADICIONAL--NOMBRE DE PERSONA
Nombre de persona Belaval, Yvon,
9 (RLIN) 52628
700 1# - PUNTO DE ACCESO ADICIONAL--NOMBRE DE PERSONA
Nombre de persona Paulhan, Jean,
9 (RLIN) 52629
700 1# - PUNTO DE ACCESO ADICIONAL--NOMBRE DE PERSONA
Nombre de persona Gracq, Julien,
9 (RLIN) 52630
700 1# - PUNTO DE ACCESO ADICIONAL--NOMBRE DE PERSONA
Nombre de persona Lefébvre, Henri,
9 (RLIN) 44705
700 1# - PUNTO DE ACCESO ADICIONAL--NOMBRE DE PERSONA
Nombre de persona Etiemble
9 (RLIN) 52631
700 1# - PUNTO DE ACCESO ADICIONAL--NOMBRE DE PERSONA
Nombre de persona Tarn, Nathaniel
9 (RLIN) 52632
830 #0 - PUNTO DE ACCESO ADICIONAL DE SERIE-TÍTULO UNIFORME
Título uniforme Estudios
9 (RLIN) 3854
Holdings
Estado de retiro Estado de pérdida Restricciones de uso No para préstamo Código de colección Localización permanente Ubicación/localización actual Ubicación en estantería Fecha de adquisición Número de inventario Total de préstamos Signatura topográfica completa Código de barras Fecha visto por última vez Precio válido a partir de Tipo de ítem Koha
      Excluido de préstamo Monografías: Libros y Folletos General General En catalogación 22.02.2011 LF1   xxx R894m 25807-10 25.06.2020 25.06.2020 No se presta

Powered by Koha